| 000 | 01662 a2200241 4500 | ||
|---|---|---|---|
| 001 | 59029 | ||
| 005 | 20260407155845.0 | ||
| 008 | 260407a1992 arg spa d | ||
| 003 | AR-UNSa-BCEJYS | ||
| 040 |
_aAR-UNSa-BCEJYS _bspa _cAR-UNSa-BCEJYS |
||
| 080 |
_a658.11 _xClases y formas de las empresas( pequeñas y medianas empresas...Pymes) |
||
| 245 | 1 | 0 | _aIniciación y administración de pequeños y medianos negocios |
| 020 | _a958-600-093-1 | ||
| 250 | _a6a.ed. | ||
| 264 | 1 |
_aBogotá : _bMcGraw-Hill _c1992 |
|
| 300 |
_a316 p. _c23 cm. |
||
| 505 | _a1. Entre al mundo de los negocios – 2. La financiación de un negocio pequeño – 3. Compra de un negocio ya establecido – 4. Decisión sobre la ubicación de su negocio – 5. Selección de un modelo para su empresa – 6. Control a través de sistemas contables y de registro – 7. Decisiones básicas en la administración tributaria – 8. Administración del almacén al detal – 9. Indicadores de ganancia para el mayorista – 10. Administración de una compañía de servicios – 11. Guía básica para el funcionamiento de una operación de franquicia – 12. Empresa de ventas por correo – 13. Como manejar una fábrica eficiente – 14. Contratación y administración de personal – 15. Manejo del fraude, robo y hurto – 16. Administración y eficiencia – 17. El computador en las microempresas – 18. Venta del producto – 19. Extensión del crédito a sus clientes – 20. Planeación del seguro | ||
| 942 | _cBK | ||
| 590 | _aniveau_biblio:m niveau_hierar:0 | ||
| 100 | 1 | _aJ.K. Lasser Tax Institute | |
| 700 | 1 | _aAgray Vargas, Nancy | |
| 700 | 1 | _aNarvaez Rojo, Alberto | |
| 999 |
_c6582 _d6582 |
||